Globalization: A multi-dimensional system (Record no. 1225230)

MARC details
000 -LEADER
fixed length control field 00617nam a2200229Ia 4500
005 - DATE AND TIME OF LATEST TRANSACTION
control field 20241129104303.0
008 - FIXED-LENGTH DATA ELEMENTS--GENERAL INFORMATION
fixed length control field 241129s9999||||xx |||||||||||||| ||und||
020 ## - INTERNATIONAL STANDARD BOOK NUMBER
International Standard Book Number 9781803926094
037 ## - SOURCE OF ACQUISITION
Stock number Textual
040 ## - CATALOGING SOURCE
Original cataloging agency RTL
Language of cataloging eng
Transcribing agency RTL
041 ## - LANGUAGE CODE
Language code of text/sound track or separate title eng
Source of code eng
084 ## - COLON CLASSIFICATION NUMBER
Classification number U6.1 R3
Assigning agency RTL
100 ## - MAIN ENTRY--PERSONAL NAME
Personal name Gopinath C.
9 (RLIN) 339029
245 #0 - TITLE STATEMENT
Title Globalization: A multi-dimensional system
Statement of responsibility, etc. Gopinath C.
250 ## - EDITION STATEMENT
Edition statement 4th
260 ## - PUBLICATION, DISTRIBUTION, ETC.
Place of publication, distribution, etc. Cheltenham
Name of publisher, distributor, etc. Edward Elgar
Date of publication, distribution, etc. 2023
300 ## - PHYSICAL DESCRIPTION
Extent viii 255p.
365 ## - TRADE PRICE
Price type code INR
Price amount Rs.3705.00
650 ## - SUBJECT ADDED ENTRY--TOPICAL TERM
Topical term or geographic name entry element Globalization
942 ## - ADDED ENTRY ELEMENTS (KOHA)
Koha item type Textbook
Classification part U6.1 R3
Holdings
Withdrawn status Lost status Damaged status Not for loan Home library Current library Date acquired Source of acquisition Inventory number Total Checkouts Full call number Barcode Date last seen Price effective from Koha item type
        Ratan Tata Library Ratan Tata Library 2024-11-29 Vimal Book Distribution 632 & 09/02/2024   U6.1 R3 RT1528166 2024-11-29 2024-11-29 Textbook
Copyright @ Delhi University Library System